000 00432nam a2200169Ia 4500
005 20250508151849.0
008 008 250505s9999 xx 000 0 eng d
037 _aTextual
040 _aFEDL
_beng
_cFEDL
041 _aeng
_2eng
084 _a824.91, KRI
_qFEDL
245 0 _aKrishnamurti's talks in india 1953
260 _c1953
300 _a112p.
942 _cTEXL
_h824.91, KRI
999 _c1332573
_d1332573